| 000 | 00628nam a22001937a 4500 | ||
|---|---|---|---|
| 003 | OSt | ||
| 005 | 20250910055216.0 | ||
| 008 | 250910b |||||||| |||| 00| 0 eng d | ||
| 020 | _a0-933932-61-8 | ||
| 040 |
_aDWCL-Main library _cOC |
||
| 082 | _aCirc.262.51 J65 2001 | ||
| 100 | _aJohn Paul II, Pope | ||
| 245 |
_aLetters to my brother priest, 1979-2001/ _cJohn Paul II, Pope |
||
| 260 |
_aPrinceton, NJ : _bScepter Publisher , _cc2001. |
||
| 300 |
_axv , 309 pages : _billustrations ; _c23cm |
||
| 504 | _aIndex index | ||
| 650 | _aPriesthood 2. Socias, James 3. John Paul II, Pope. 1979-2001 | ||
| 942 |
_2ddc _cBK-CIRC _kCirc _n0 |
||
| 999 |
_c4470 _d4470 |
||